000 005290000a22001930004500
001 004166
003 MACL
005 20150801125538.0
008 150801b xxu||||| |||| 00| 0 eng d
040 _aMACL
_cMACL
041 _aEnglish
082 _a363.9/CHO
100 _aChaudhary, Shriti
_94025
245 _aPopulation H̜ealth Literacy
_bConcept,Content and Communication
_cShriti Chaudhary
260 _aNew Delhi
_c2001
_bNorthern Book Centre,
350 _a350
650 _aSocial Science
_94026
942 _k364
_cBK
_2ddc
999 _c16057
_d16057